Pre nášho súčasníka seminár o sovietskom filme

Bibliographic Details
Main Author: Komiňár, Ján (Author)
Format: Article
Language:Slovak
Subjects:

MARC

LEADER 00000nab a2200000 a 4500
001 vtls009184744
003 SK-MaSNL
005 20260304151722.0
008 250506c1976 xo |r|p|||||||000 b|slo
015 |a SNBRB1976 
035 |a (uuid)713f1da7-9ba8-4167-b908-47d46f178498 
035 |a urn:nbn:sk:snk-abdrd6 
035 |a (urnnbn)urn:nbn:sk:snk:ar-000ygw 
038 |a SNKBUCL 
040 |a SNKBUCL  |b slo  |c SNKBUCL  |e AACR2 
041 0 |a slo 
044 |a xo  |c SK 
080 |a 791.43(47+57)  |2 1981 
080 |a 061.3  |2 1981 
100 1 |a Komiňár, Ján  |4 aut  |9 1043990 
245 1 0 |a Pre nášho súčasníka  |b seminár o sovietskom filme  |c Ján Komiňár 
648 7 |a 1976  |2 snkbucl  |9 279488 
650 0 7 |a sovietsky film  |2 snkbucl  |9 971636 
650 0 7 |a semináre  |2 snkbucl  |9 18562 
651 7 |a Prešov (Slovensko)  |2 snkbucl  |9 17347 
773 0 |t Film a divadlo  |g Roč. 20, č. 23 (1976), s. 15 
850 |a Slovenská národná knižnica 
852 |a Slovenská národná knižnica 
954 |a odborná, vedecká literatúra pôvodná (slovenská)  |2 lita 
958 |a article19 
958 |a OND 
958 |a EUIPO 
999 |c 2945421  |d 2947351